000 00419nam a2200169Ia 4500
008 230524s9999 xx 000 0 und d
020 _a9788123915500
082 _a629.136
_bSAX
100 _aSubhash C.Saxena
245 0 _aAirport Engineering (Planning and Design)
250 _a1
260 _aNew Delhi
_bCBS
_c2015
300 _a"xxii,365p;"
500 _aQuantity Number: 2
650 _aCivil
942 _cBK
999 _c55305
_d55305